000 01841nam a2200325 i 4500
003 DO-SdBNP
005 20241206085814.0
007 ta
008 240521s2004 dr aco 000 0 spa d
020 _a9993481521
040 _aDO-SdBNP
_bspa
_cBNPHU
_erda
082 _222
110 1 _aRepública Dominicana.
_bSecretaría de Estado de la Mujer
_938238
245 1 0 _aMedalla al merito de la mujer :
_bconmemoraciones, reconocimientos y logros de la mujer dominicana /
_ccomisión organizadora Yadira Henríquez de Sánchez Baret, Nora Nivar de Fernández, Mercedes Lora, Finita Rodríguez, Ylonka Nacidit Perdomo, Rafaela Céspedes
264 1 _aSanto Domingo :
_bSEM,
_c2004.
300 _a224 páginas
_bilustraciones, retratos, fotografías
_c31 cm.
336 _2rdacontent
_atexto
_btxt
337 _2rdamedia
_asin mediación
_bn
338 _2rdacarrier
_avolumen
_bnc
505 0 _tPerfiles biográficos. Medalla al mérito de la mujer 2001 --
_tPerfiles biográficos. Medalla al mérito de la mujer 2002 --
_tPerfiles biográficos. Medalla al mérito de la mujer 2003 --
_tPerfiles biográficos. Medalla al mérito de la mujer 2004 --
_tDocumentos --
_tMensajes en el día internacional de la mujer --
_tUna mirada al ayer --
_rYadira Henríquez de Sánchez Baret --
_tAvances de la mujer dominicana --
_tLas sufragistas --
590 _aInventariado, 2024/ YL
700 1 _a Henríquez de Sánchez Baret, Yadira
_959363
_ecomisión organizadora
700 1 _aNivar de Fernández, Nora
_ecomisión organizadora
_985530
700 _a Lora, Mercedes
_ecomisión organizadora
_949521
700 _aRodríguez, Finita
_ecomisión organizadora
_985531
700 _aNacidit Perdomo, Ylonka
_ecomisión organizadora
_923142
700 _aCéspedes, Rafaela
_ecomisión organizadora
_985532
910 _aYLockward
942 _2ddc
_cLBS1
999 _c56717
_d56717